000 00626nam a22002297a 4500
003 UA-OsUOA
001 94438
007 ta
008 20130211b un ||||| |||| 00| 0 ukr d
100 _aГранін Д.
090 _a821.161.1
_bГ77
942 _cBK
040 _aUA-OsUOA
_bukr
_cUA-OsUOA
_dUA-OsUOA
245 _aКартина. Дощ у чужому місті
_bроман, повість
300 _a354 с.
955 _a3
041 _aukr
080 _a821.161.1
260 _aК.
_bДніпро
_c1983
650 7 _a82 Література. Літературознавство
_2UDC
999 _c380690
_d380690